000 00772 a2200205 4500
010 _aENG-89238
020 _a8181981081
_c695.00
035 _aEN-72771
037 _bDBAD / PUB
082 1 4 _a303.44
090 _c10616
_d10616
100 1 _aShekhawat, Prahlad Singh
245 1 _aAspects of human development and culture /
_cby Prahlad Singh Shekhawat
260 _aJaipur
_bUniversity Book House
_c2006
270 _a79, Chaura Rasta, Jaipur
_bJaipur
_e302 003
_cRajasthan
_k0141-2311466
_l0141-2313382
_muni_bookhouse@yahoo.com
300 _aix, 171p.
_c22cm (Hb)
500 _aIncludes bibliographical references and index
942 _adpl
_cEN
_k303.44 / SHE
999 _c10331
_d10331